Normal view
MARC view
Entry Meeting Name
001 - CONTROL NUMBER
- control field: 41524
003 - CONTROL NUMBER IDENTIFIER
- control field: ARRUPE
005 - DATE AND TIME OF LATEST TRANSACTION
- control field: 20180413102224.0
008 - FIXED-LENGTH DATA ELEMENTS
- fixed length control field: 180413|| aca||aabn | a|a d
040 ## - CATALOGING SOURCE
- Original cataloging agency: ARRUPE
- Transcribing agency: ARRUPE
111 ## - HEADING--MEETING NAME
- Meeting name or jurisdiction name as entry element: Semaine d'études ethno-pastorales,
- Number of part/section/meeting: 3d,
- Location of meeting: Bandundu, Zaire,
- Date of meeting: 1967.
670 ## - SOURCE DATA FOUND
- Source citation: Work cat.: (ARRUPE)0: Semaine d'études ethno-pastorales, 3d, Bandundu, Zaire, 1967., Mort, funerailles, deuil, et culte des ancêtres chez les populations du Kwango/Bas-Kwilu :, c1967.